| 000 | 01051nam a22003137a 4500 | ||
|---|---|---|---|
| 003 | CHAP | ||
| 005 | 20220329140753.0 | ||
| 008 | 971013s1980 r 00010 d | ||
| 010 | _a57323 | ||
| 011 | _a58295 | ||
| 035 | _a62450 | ||
| 040 | _cCHAP | ||
| 090 | _aTesis | ||
| 100 | 0 | 0 |
_aSolozábal Flores, Abraham Néstor. _9108519 |
| 245 | _aRelación de la edad y parasitismo gastroentérico en cabras angora en el Ajusco, D.F. | ||
| 260 |
_aMéxico, D.F. : _bEl autor, _c1980 |
||
| 300 | _a46 h. | ||
| 502 | _aTesis (Médico Veterinario Zootecnista) -- UNAM. Fac. de Medicina Veterinaria y Zootecnia | ||
| 590 |
_aALEPH _b10 _c20130110 _lUCH01 _h1335 |
||
| 590 |
_aBATCH-UPD _b10 _c20130110 _lUCH01 _h1645 |
||
| 590 |
_aBATCH-UPD _b10 _c20130410 _lUCH01 _h1035 |
||
| 590 |
_aBATCH-UPD _b10 _c20130914 _lUCH01 _h1507 |
||
| 590 |
_aCONVERSION _b10 _c20130109 _lUCH01 _h1331 |
||
| 650 | 1 | 4 |
_aGanado cabrío _xParásitos. _945035 |
| 650 | 1 | 4 |
_aGanado cabrío _xRazas. _945042 |
| 901 | _aBK | ||
| 942 | _cTESIS | ||
| 949 |
_bBC _cTES _d-133848 _eTS1 _i62450 _si |
||
| 999 |
_c57323 _d57323 |
||